School stinks! / (Record no. 14268)
[ view plain ]
| 000 -LEADER | |
|---|---|
| fixed length control field | 00523cam a22001933a 4500 |
| 020 ## - INTERNATIONAL STANDARD BOOK NUMBER | |
| ISBN | 0439328527 (pbk.) |
| 040 ## - CATALOGING SOURCE | |
| Transcribing agency | EOW |
| 082 ## - DEWEY DECIMAL CLASSIFICATION NUMBER | |
| Classification number | 823 SCH 2001 A094 Or. |
| 100 1# - MAIN ENTRY--AUTHOR NAME | |
| Personal name | Enderle, Judith Ross. |
| 245 10 - TITLE STATEMENT | |
| Title | School stinks! / |
| 260 ## - PUBLICATION, DISTRIBUTION, ETC. (IMPRINT) | |
| Place of publication | New York : |
| Name of publisher | Scholastic, |
| Year of publication | c2001. |
| 300 ## - PHYSICAL DESCRIPTION | |
| Number of Pages | 148 p. : |
| Other physical details | ill. ; |
| Dimensions | 20 cm. |
| 500 ## - GENERAL NOTE | |
| General note | "Little Apple"--Spine. |
| 650 #0 - SUBJECT ADDED ENTRY--TOPICAL TERM | |
| Topical Term | Schools |
| 650 #0 - SUBJECT ADDED ENTRY--TOPICAL TERM | |
| Topical Term | Sisters |
| 700 1# - ADDED ENTRY--PERSONAL NAME | |
| Personal name | Gordon, Stephanie Jacob, |
| 710 2# - ADDED ENTRY--CORPORATE NAME | |
| Corporate name or jurisdiction name as entry element | Copyright Paperback Collection (Library of Congress) |
| 942 ## - ADDED ENTRY ELEMENTS (KOHA) | |
| Koha item type | សៀវភៅភាសាអង់គ្លេស |
| 952 ## - LOCATION AND ITEM INFORMATION (KOHA) | |
| Withdrawn status [LOCAL, KOHA] | 0 |
| Permanent Location | Date acquired | Koha item type | Lost status | Shelving location | Barcode | Current Location | Full call number |
|---|---|---|---|---|---|---|---|
| Library Block A | 2017-10-11 | សៀវភៅភាសាអង់គ្លេស | A094 | A19035 | Library Block A | 823 SCH 2001 A094 Or. |